| 000 | 01375nam a2200325 c 4500 | ||
|---|---|---|---|
| 003 | BLK | ||
| 005 | 20230728115833.0 | ||
| 008 | 180410b bul|||||r ||||||| ||bul|| | ||
| 010 | _aKNG00155011000 | ||
| 040 | _aBLK | ||
| 041 |
_aBUL _cBUL |
||
| 080 |
_aПолска литература _b821.162.1 _x-93-34 _z821.162.1-93-34 |
||
| 100 | 1 |
_aЯнчарски, Чеслав _eпърви автор _9145960 |
|
| 700 | 1 |
_aГеоргиева, Катя _eпрев. от пол. _9363907 |
|
| 700 | 1 |
_aЦветкова, Райна _eпрев. от пол. _9380140 |
|
| 700 | 1 |
_aРихлицки, Збигнев _eил. _9330137 |
|
| 139 |
_aЯнчарски, Чеслав _bЯ 71 |
||
| 245 | 1 | 0 |
_aПатилата на Мечо Клепоушко _bПриказка _cЧеслав Янчарски; прев. от пол. Катя Георгиева; прев. от пол. Райна Цветкова; ил. Збигнев Рихлицки. |
| 257 | _aPOL | ||
| 260 |
_аСофия _bНар. култура _c1961 |
||
| 300 |
_a68 с. _bс ил. _c27 см |
||
| 380 | _aDX | ||
| 500 | _a70 080 тир. | ||
| 852 | _aЦб ІІ 19145 | ||
| 856 | 4 |
_qpdf _u |
|
| 856 | 4 |
_qpdf _u |
|
| 942 |
_cKNG _n0 _02 |
||
| 944 |
_aCR _c27.12.2013 _lРусанова Ирена _k30542 |
||
| 944 |
_aED _c27.12.2013 _l27.12.2013 - от С1,Р / 27.12.2013 _k |
||
| 999 |
_c148783 _d148783 |
||